03922njm a2200517Ia 450000100060000000300090000600500170001500800410003204000130007304000130008610000110009910000180011010000380012824500310016625000110019726000110020826000320021930000100025130000290026150001140029050506600040451100220106451101970108651101330128351102970141651100970171351101640181051101500197451100200212451100520214451101210219665000460231770000910236370000830245470000920253770000820262970000760271170000810278770000690286870000620293770000860299970000780308570000820316370000850324570000740333025691IT-RoPAU20220918181119.0131025s9999 xx 000 0 und d aIT-RoPAU cIT-RoPAU aAA.VV. eAutore musica gCodice autore musica SPICS: 12000 aMaestri della batteria (I) a2a ed. aMILANO bMUSICA JAZZc1983 [1a Ed.:] aDISCO c48 minuti (Testo: pag.) aBatteria strumento emblematico della musica jazz. Disco fuori commercio allegato al n. 7 '83 di "Musica jazz" aDrums Improvisation n. 2 [(New York, 6 gennaio 1946) (Dodds Baby) (3:00)] - Twilight in Turkey [(New York, 15 aprile 1937) (Dorsey Tommy) (4:00)] - I Know That You Know [(New York, 18 marzo 1938) (Jones Jo) (4:00)] - Sing Sing Sing [(Hollywood, 6 luglio 1937) (Goodman Benny) (9:00)] - At Sundown (New York, 13 aprile 1938) (Freeman Bud) (3:00)] - Boff Boff [(Symphony Hall, Boston, 30 novembre 1947) (Armstrong Louis D.) (5:00)] - Caravan [(23 ottobre 1962) (Blakey Art) (4:00)] - Conversation [(4 settembre 1958) (Roach Max) (4:00)] - Six and Four [(11 luglio 1961) (Jones Elvin) (6:00)] - Gone, Gone, Gone [(18 novembre 1959) (Jones Philly Joe) (5:00)] aBaby Dodds: batt. aErwin Pee Wee: tr; Dorsey Tommy: trne; Mince Johnny: cl; Freeman Bud: ten; Smith Howard: p; Mastren Carmen: chit; Traxier Gene: cb; Tough Dave: batt; Tommy Dorsey Clambake Seven con Dave Tough aClayton Buck: tr; Durham Eddie: trne, chit; Greene Freddie: chit; Page Walter: cb; Jones Jo: batt; Kansas City Five con Jo Jones aJames Harry: tr; Griffin Gordon: tr; Elman Ziggy: tr; McEachern Murray: trni; Ballard Sterling: trni; Goodman Benny: cl; Schertzer Herman: sax; Rollini Arthur: sax; Koenig George: sax; Musso Vido: sax; Stacy Jess: p; Goodman Benny: cb; Krupa Gene: batt; Benny Goodman Orchestra con Gene Krupa aFreeman Bud: ten; Stacy Jess: p; Wettling George: batt; Bud Freeman Trio con George Wettling aArmstrong Louis: tr; Teagarden Jack: trne; Bigard Barney: cl; Cary Dick: p; Shaw Arvell: cb; Catlett Sidney: batt; Louis Armstrong All Stars con Sidney Catlett aBlakey Art: batt; Hubbard Freddie: tr; Fuller Curtis: trne; Shorter Wayne: ten; Walton Cedar: p; Workman Reggie: cb; Art Blakey's Jazz Messangers aRoach Max: batt aJones Elvin: batt; Jones Hank: p; Davis Art: cb aJones Philly Joe: batt; Priester Julian: trne; Barron Bill: ten; Adams Pepper: bar; Coker Dolo: p; Garison Jimmy: cb aJAZZ [DISCHI]eCodice MATERIA SPICS: 9950 aDodds BabydCodice autore musica SPICS: 16258eAutore musicapDrums Improvisation n. 2 aScott B.dCodice autore musica SPICS: 15525eAutore musicapTwilight in Turkey aYoumans VincentdCodice autore musica SPICS: 16157eAutore musicapI Know That You Know aPrima LouisdCodice autore musica SPICS: 27874eAutore musicapSing Sing Sing aDonaldsondCodice autore musica SPICS: 14426eAutore musicapAt Sundown aHawkins ColemandCodice autore musica SPICS: 16098eAutore musicapBoff Boff aEllington DukedCodice autore musica SPICS: 13023eAutore musica aMills IrvingdCodice autore SPICS: 13027eAutorepCaravan aTizol JuandCodice autore testo/musica SPICS: 20356eAutore testo/musicapCaravan aRoach MaxdCodice autore musica SPICS: 16225eAutore musicapConversation aNelson OliverdCodice autore musica SPICS: 16375eAutore musicapSix and Four aGershwin IradCodice autore musica SPICS: 10501eAutore musicapGone, Gone, Gone aGershwin GeorgedCodice autore SPICS: 10668eAutorepGone, Gone, Gone